| 000 | 00327nam a22001217a 4500 | ||
|---|---|---|---|
| 040 | _cNUST | ||
| 082 | _a297.124,KHA | ||
| 100 |
_aKhan, Dr. Mohsin _9104580 |
||
| 245 |
_aTafseer Ahsan al Kalam (Pocket-size) | _cDr. Mohsin Khan |
||
| 260 |
_aLahor, Pakistan _bDarussalam |
||
| 300 | _a1139 p.: | ||
| 942 |
_2ddc _cBK _k297.124,KHA |
||
| 999 |
_c592640 _d592640 |
||